| 000 | 00727nam a22002177a 4500 | ||
|---|---|---|---|
| 005 | 20131106144122.0 | ||
| 010 | _aB-495547-558 | ||
| 020 |
_a9789350514672 _c698.00 |
||
| 035 | _aB-495547-558 | ||
| 037 |
_bHPH/Ven _adpl |
||
| 082 | _a657.42 | ||
| 100 | _aMadegowda, J. | ||
| 245 |
_aAdvanced cost accounting / _cby J.Madegowda |
||
| 250 | _a2nd ed | ||
| 260 |
_aMumbai _bHimalaya Publishing House _c2012 |
||
| 270 |
_aRamdoot, Dr. Bhalerao Marg, Girgaon _bMumbai _e400004 |
||
| 300 |
_a1074p. _c30cm(pbk) |
||
| 500 | _aincludes index and bibliographical references | ||
| 942 |
_2ddc _cEN _kMAD _h657.42 |
||
| 999 |
_c79679 _d79679 |
||